00439nam a2200169 a 45000010005000000030009000050080041000140400028000550820018000831000016001012450035001172600035001523000010001874900029001976500024002266500019002505923CO-ViMGA141112s2004 ck r 000 u spa d aCO-ViMGAbspacCO-ViMGA04a833.914 M155a1 aMann, Klaus10aAlejandro : bnovela utópica aBarcelona : bJuventud, c1983 a203 p aBiblioteca de narradores14aALEJANDRO EL GRANDE14aNOVELA ALEMANA